000 00435cam a2200169ua 4500
041 _aeng
_h
082 _a826
_bMAR/PO
100 _aMargoliouth , H M.
245 0 0 _aPoems and letters of Andrew Marvell /
_cMargoliouth H M.
_hTextual Documents
250 _a2 /
_b.
260 _aLondon :
_bOxford at the Clarendon Press ,
_c1963.
300 _a347 ; .
504 _a
942 _cBK
999 _c6022
_d6022